Reglas ciertas y precisamente necesarias para jueces y ministros de justicia de Indias y para sus confesores /
Salvato in:
| Autore principale: | |
|---|---|
| Altri autori: | , |
| Natura: | Libro |
| Lingua: | spagnolo |
| Pubblicazione: |
México :
Suprema Corte de Justicia de la Nación,
2005, c2005
|
| Soggetti: | |
| Tags: |
Nessun Tag, puoi essere il primo ad aggiungerne!!
|
MARC
| LEADER | 00000nam^a2200000^a^4500 | ||
|---|---|---|---|
| 001 | 000193622 | ||
| 005 | 20250521000000.0 | ||
| 009 | 20260310102647.531 | ||
| 020 | |a 970-712-460-1 | ||
| 037 | |a Acervo ITESO - Biblioteca | ||
| 041 | |a ESP | ||
| 082 | |a 347. 72014 |b JER | ||
| 100 | |a Moreno, Jerónimo |e (autor) | ||
| 245 | 1 | 0 | |a Reglas ciertas y precisamente necesarias para jueces y ministros de justicia de Indias y para sus confesores / |c J. Moreno ; introd. de S. Cárdenas Gutiérrez ; presen. de M. Azuela Güitrón. |
| 264 | 4 | |a México : |b Suprema Corte de Justicia de la Nación, |c 2005, c2005 | |
| 300 | |a XLIII, 136 p. | ||
| 336 | |a texto |b txt |2 rdacontenido | ||
| 337 | |a sin mediación |b n |2 rdamedio | ||
| 338 | |a volumen |b nc |2 rdasoporte | ||
| 534 | |a Reproducción facsimilar de la edición original de 1637, publicada por la Imprenta de Francisco Salbago en la Ciudad de México | ||
| 649 | |a XX | ||
| 650 | |a Jueces - |z México - |x Aspectos Eticos - |x Tema Principal | ||
| 650 | |a Justicia - |x Administración - |z México | ||
| 650 | |a Etica Jurídica - |z México | ||
| 650 | |a Etica Profesional - |z México | ||
| 650 | |a Tribunales - |z México | ||
| 650 | |a Derecho - |z México - |x Historia - |y Virreinato, 1535-1821 | ||
| 700 | |a Cárdenas Gutiérrez, Salvador |e (introducción) | ||
| 700 | |a Azuela Güitrón, Mariano |e (presentación) | ||
| 910 | |a Fondo General | ||
| 920 | |a Impresos - Libros | ||
| 930 | |a Reserva Especial | ||
| 905 | |a 103 | ||
| 901 | |a 0500138498 |b IT1 |c REE |u 20250521 | ||
| 902 | |a https://opac.biblio.iteso.mx/vufind/Record/000193622 | ||